E-shopy našly v obalech marketingový nástroj

Medzi úspešnými svetovými e-shopmi sa začína presadzovať trend využívania na mieru vyrobených a pre dané logistické procesy optimalizovaných obalov, ktoré je možné vďaka potlače a dizajnu využiť aj ako marketingový nástroj pre šírenie dobrého mena značky. Pre online obchod sú ideálne univerzálne kon...

Ausführliche Beschreibung

Gespeichert in:
Bibliographische Detailangaben
1. Verfasser: Kolář, Vojtěch
Format: Buchkapitel
Sprache:Tschechisch
Schlagworte:
Tags: Tag hinzufügen
Keine Tags, Fügen Sie das erste Tag hinzu!

MARC

LEADER 00000naa a2200000 4500
001 0240965
005 20180307141421.7
041 0 |a cze 
044 |a CZ 
245 1 0 |a E-shopy našly v obalech marketingový nástroj  |c Vojtěch Kolář 
520 |a Medzi úspešnými svetovými e-shopmi sa začína presadzovať trend využívania na mieru vyrobených a pre dané logistické procesy optimalizovaných obalov, ktoré je možné vďaka potlače a dizajnu využiť aj ako marketingový nástroj pre šírenie dobrého mena značky. Pre online obchod sú ideálne univerzálne konštrukcie - obaly, ktorých veľkosť je nastaviteľná a môžu sa prispôsobiť balenému obsahu. Stále viac sa berie ohľad na ekologickú stránku obalu. 
610 2 0 |a obaly 
610 2 0 |a balenie 
610 2 0 |a distribúcia 
610 2 0 |a obchod elektronický 
610 2 0 |a marketing 
610 2 0 |a nástroje marketingové 
610 2 0 |a značky 
100 1 |a Kolář, Vojtěch